000 00516nam a2200181Ia 4500
003 OSt
005 20250929141342.0
008 211109s9999||||xx |||||||||||||| ||und||
040 _cSBCL
082 _a894.812107
_bVEL-M
100 _aVelayudhan,Pillai
245 0 _aMalayavilasavum Viswarupavum
260 _bNational Book Stall
_aKottayam
_c1981
300 _a69p.
630 _xGENERAL STACK
650 _aLiterature
_vLiteratures of other languages
_xAltaic, Uralic, Hyperborean & Dravidian
942 _cBOOK
999 _c45309
_d45309